[Event "Xtracon Chess Open 2018"]
[Site "Elsinore"]
[Date "2018.07.27"]
[Round "8"]
[White "Rasmussen, Ken L."]
[Black "Lindgaard, Tobias Simon"]
[Result "1/2-1/2"]
[WhiteElo "2009"]
[BlackElo "1746"]
[EventDate "2018.07.21"]
[WhiteFideId "1443933"]
[BlackFideId "1419820"]

1.e4 d6 2.Nf3 Nf6 3.Nc3 g6 4.Bc4 Bg7 5.h3 O-O 6.O-O Nxe4 7.Nxe4 d5 8.Bb3 
dxe4 9.Ng5 Bf5 10.Re1 Nc6 11.Nxe4 Nd4 12.Bc4 b5 13.Bf1 a6 14.c3 Qd5 15.d3 
Ne6 16.g4 Bxe4 17.dxe4 Qxd1 18.Rxd1 Nc5 19.f3 Rac8 20.Bg5 f6 21.Bf4 e5 22.
Be3 Na4 23.Rdb1 Rfe8 24.b3 Nxc3 25.Rc1 b4 26.Bxa6 Ra8 27.Bc4+ Kh8 28.a4 f5
29.Bd2 fxe4 30.Bxc3 bxc3 31.fxe4 Bf8 32.Bd5 Bc5+ 33.Kg2 Rab8 34.Rc2 
1/2-1/2

[Event "Xtracon Chess Open 2018"]
[Site "Elsinore"]
[Date "2018.07.27"]
[Round "8"]
[White "Jensen, Morten Frank"]
[Black "Mielow, Bjarne"]
[Result "1-0"]
[WhiteElo "2007"]
[BlackElo "1730"]
[EventDate "2018.07.21"]
[WhiteFideId "1407325"]
[BlackFideId "1415484"]

1.g3 g6 2.Bg2 Bg7 3.c4 Nf6 4.Nc3 c6 5.Rb1 O-O 6.b4 d5 7.cxd5 Nxd5 8.Nxd5 
cxd5 9.Nf3 Nd7 10.O-O Nb6 11.Bb2 Bxb2 12.Rxb2 Nc4 13.Rb3 Bd7 14.d3 Nb6 15.
Qd2 Rc8 16.Ne5 Ba4 17.Rc3 Qd6 18.Nf3 Qxb4 19.Rxc8 Qxd2 20.Rxf8+ Kxf8 21.
Nxd2 Bc6 22.Nb3 Na4 23.Rc1 Ke8 24.Na5 Kd7 25.Nxc6 bxc6 26.d4 Nb6 27.e3 f6 
28.Rc5 Nc4 29.Bf1 1-0

[Event "Xtracon Chess Open 2018"]
[Site "Elsinore"]
[Date "2018.07.27"]
[Round "8"]
[White "Greeuw, Sietske"]
[Black "Leonhardsen, Vebjorn Maanum"]
[Result "1-0"]
[WhiteElo "1998"]
[BlackElo "1726"]
[EventDate "2018.07.21"]
[WhiteFideId "1020285"]
[BlackFideId "1539515"]

1.e4 c6 2.d4 d5 3.Nc3 dxe4 4.Nxe4 Nf6 5.Nxf6+ exf6 6.Nf3 Bd6 7.Bd3 O-O 8.
Be3 Bg4 9.h3 Bh5 10.g4 Bg6 11.h4 Bxd3 12.Qxd3 Nd7 13.O-O-O Qc7 14.g5 Bf4 
15.Rdg1 Bxe3+ 16.fxe3 Qa5 17.Kb1 Rad8 18.h5 Ne5 19.Qf5 Nc4 20.Qxa5 Nxa5 
21.gxf6 g6 22.Ng5 Rd6 23.Nxh7 Nc4 24.hxg6 fxg6 25.Rxg6+ Kf7 26.Rg7+ Ke8 
27.Nxf8 Rxf6 28.Ng6 1-0

[Event "Xtracon Chess Open 2018"]
[Site "Elsinore"]
[Date "2018.07.27"]
[Round "8"]
[White "Rolstad, Morten"]
[Black "Schmied, Andreas"]
[Result "1/2-1/2"]
[WhiteElo "1805"]
[BlackElo "1997"]
[EventDate "2018.07.21"]
[WhiteFideId "1525026"]
[BlackFideId "4625897"]

1.e4 e5 2.Nf3 Nc6 3.Bb5 a6 4.Ba4 Nf6 5.O-O Be7 6.Re1 b5 7.Bb3 d6 8.c3 O-O 
9.h3 Nb8 10.d4 Nbd7 11.Nbd2 Bb7 12.Bc2 Re8 13.Nf1 Bf8 14.Ng3 g6 15.d5 c6 
16.dxc6 Bxc6 17.Bg5 h6 18.Be3 Qc7 19.Qd2 Kh7 20.Nh2 d5 21.Bb3 Rad8 22.exd5
Nc5 23.Bc2 Bxd5 24.Qe2 Qc6 25.f3 Bc4 26.Qf2 Nd5 27.Rad1 Nxe3 28.Rxd8 Rxd8 
29.Rxe3 Bd3 30.Qd2 Qd5 31.Ng4 Bg7 32.Bxd3 Nxd3 33.Ne4 Kh8 34.Ngf6 Qc6 35.
Rxd3 Rxd3 36.Qxd3 Bxf6 37.Qd6 Qxd6 38.Nxd6 Kg8 39.a4 Be7 40.Ne4 f5 41.Nd2 
Kf7 42.axb5 axb5 43.Kf2 Ke6 44.Ke2 Kd5 45.Kd3 h5 46.b3 Bh4 47.c4+ bxc4+ 
48.bxc4+ Kc5 49.Nb1 Be1 50.Na3 Ba5 51.Nc2 Bd8 52.Ne3 1/2-1/2

[Event "Xtracon Chess Open 2018"]
[Site "Elsinore"]
[Date "2018.07.27"]
[Round "8"]
[White "Schmitt, Carsten"]
[Black "Saravana, Vedant Kumar"]
[Result "1-0"]
[WhiteElo "1997"]
[BlackElo "1691"]
[EventDate "2018.07.21"]
[WhiteFideId "24675253"]
[BlackFideId "45059730"]

1.c4 e5 2.g3 Nf6 3.Bg2 Nc6 4.Nc3 Bc5 5.a3 Bb6 6.b4 d6 7.e3 O-O 8.Nge2 Be6 
9.Nd5 Bxd5 10.cxd5 Ne7 11.Qb3 Qd7 12.O-O a5 13.Bb2 axb4 14.axb4 Rfc8 15.f4
exf4 16.Nxf4 Qb5 17.Bxf6 gxf6 18.Rxa8 Rxa8 19.Nh5 Ng6 20.Nxf6+ Kg7 21.Qb1 
Qe2 22.Qf5 Bxe3+ 23.dxe3 Ra2 24.Ne8+ Kh6 25.Qh3+ Qh5 26.Qxh5+ Kxh5 27.Rxf7
Kh6 28.Be4 Rb2 29.h4 1-0

[Event "Xtracon Chess Open 2018"]
[Site "Elsinore"]
[Date "2018.07.27"]
[Round "8"]
[White "Bremer, Erik"]
[Black "Kristensen, Thomas Overgaard"]
[Result "1/2-1/2"]
[WhiteElo "1476"]
[BlackElo "1696"]
[EventDate "2018.07.21"]
[WhiteFideId "1411578"]
[BlackFideId "1419803"]

1.e4 c6 2.d4 d5 3.Nc3 dxe4 4.Nxe4 Nf6 5.Ng3 Bg4 6.Be2 Bxe2 7.N3xe2 e6 8.
Nf3 Bd6 9.O-O O-O 10.Qd3 Nbd7 11.Bg5 Re8 12.Rad1 Qc7 13.Nc3 h6 14.Bc1 Rad8
15.g3 Nf8 16.Rfe1 Ng6 17.Qf1 Bb4 18.Re3 Ne7 19.Ne4 Nfd5 20.Re2 f5 21.Ned2 
Ng6 22.Nc4 f4 23.Qh3 fxg3 24.hxg3 Qf7 25.Nce5 Nxe5 26.Nxe5 Qf5 27.Qxf5 
exf5 28.c3 Bxc3 29.Rd3 Ba5 30.Rf3 Nb4 31.a3 Rxd4 32.axb4 Rd1+ 33.Kg2 Rxc1 
34.bxa5 Rc5 35.Rfe3 Rxa5 36.Nc4 Rxe3 37.Rxe3 Rd5 38.b3 b5 39.Na5 c5 
1/2-1/2

[Event "Xtracon Chess Open 2018"]
[Site "Elsinore"]
[Date "2018.07.27"]
[Round "8"]
[White "Schouten, Mathias Lind"]
[Black "Bering, Anders"]
[Result "1-0"]
[WhiteElo "1784"]
[BlackElo "1995"]
[EventDate "2018.07.21"]
[WhiteFideId "1532790"]
[BlackFideId "1405810"]

1.e4 c5 2.Nf3 d6 3.d4 cxd4 4.Nxd4 Nf6 5.Nc3 g6 6.Be3 Bg7 7.f3 O-O 8.Bc4 
Nc6 9.Qd2 Bd7 10.O-O-O Rc8 11.Bb3 Ne5 12.Bg5 Nc4 13.Bxc4 Rxc4 14.e5 dxe5 
15.Nb3 Rc6 16.Bxf6 Rd6 17.Qxd6 1-0

[Event "Xtracon Chess Open 2018"]
[Site "Elsinore"]
[Date "2018.07.27"]
[Round "8"]
[White "Kreken, Eivind Grunt"]
[Black "Rosell, Sven"]
[Result "0-1"]
[WhiteElo "1626"]
[BlackElo "1983"]
[EventDate "2018.07.21"]
[WhiteFideId "1532359"]
[BlackFideId "1707760"]

1.e4 c5 2.Nc3 Nc6 3.Nge2 g6 4.g3 Bg7 5.Bg2 d6 6.O-O Nf6 7.d3 O-O 8.h3 Rb8 
9.f4 Nd4 10.Be3 e5 11.g4 b5 12.f5 b4 13.g5 bxc3 14.gxf6 Qxf6 15.Nxc3 Qh4 
16.f6 Bxf6 17.Bf2 Qg5 18.h4 Qh6 19.Bxd4 cxd4 20.Rxf6 dxc3 21.bxc3 Qxh4 22.
Rxd6 Bg4 23.Qd2 Rb2 24.c4 Rfb8 25.Qc1 Qg3 26.Kh1 Bh3 27.Bxh3 Qxh3+ 28.Kg1 
Qg3+ 29.Kh1 Kg7 30.c5 Qf2 31.Qg1 Qh4+ 32.Kg2 Rxc2+ 33.Kf1 Qf4+ 34.Ke1 Qd2+
0-1

[Event "Xtracon Chess Open 2018"]
[Site "Elsinore"]
[Date "2018.07.27"]
[Round "8"]
[White "Rygg, Andreas Gangstad"]
[Black "Mai, Alexander Oliver"]
[Result "1/2-1/2"]
[WhiteElo "1759"]
[BlackElo "1966"]
[EventDate "2018.07.21"]
[WhiteFideId "1527754"]
[BlackFideId "2313391"]

1.e4 g6 2.f4 Bg7 3.Nf3 d5 4.e5 Bg4 5.Be2 e6 6.d4 Ne7 7.c3 Nd7 8.Na3 a6 9.
Nc2 Nf5 10.Ne3 Nxe3 11.Bxe3 Bxf3 12.Bxf3 O-O 13.O-O Rc8 14.Be2 f5 1/2-1/2

[Event "Xtracon Chess Open 2018"]
[Site "Elsinore"]
[Date "2018.07.27"]
[Round "8"]
[White "Christensen, Thomas"]
[Black "Lunde, Sigmund"]
[Result "1-0"]
[WhiteElo "2218"]
[BlackElo "1863"]
[EventDate "2018.07.21"]
[WhiteFideId "1407635"]
[BlackFideId "1511351"]

1.d4 d5 2.e4 e6 3.Nc3 Nf6 4.exd5 exd5 5.Bd3 Nc6 6.Nge2 a6 7.a3 h6 8.O-O 
Bd6 9.Ng3 Bxg3 10.fxg3 Nxd4 11.Bxa6 Rxa6 12.Qxd4 Re6 13.Bf4 c6 14.Be5 c5 
15.Qf4 Bd7 16.Bxf6 Rxf6 17.Qe5+ Be6 18.Rxf6 gxf6 19.Qf4 Ke7 20.Rf1 f5 21.
Qe5 f6 22.Qe2 Kf7 23.Qh5+ Kg7 24.Ne2 Qd7 25.Qf3 Rf8 26.Nf4 Bg8 27.Nh5+ Kg6
28.h3 b6 29.g4 fxg4 30.hxg4 c4 31.Nxf6 Qe6 32.g5 hxg5 33.Qh5+ Kg7 34.Qxg5+
1-0

[Event "Xtracon Chess Open 2018"]
[Site "Elsinore"]
[Date "2018.07.27"]
[Round "8"]
[White "Skaale, Janus"]
[Black "Thannheiser, Thomas"]
[Result "0-1"]
[WhiteElo "1867"]
[BlackElo "2201"]
[EventDate "2018.07.21"]
[WhiteFideId "7201575"]
[BlackFideId "4691059"]

1.e4 c5 2.Nf3 g6 3.d4 cxd4 4.Nxd4 Bg7 5.Be3 Nf6 6.Nc3 Nc6 7.Bc4 O-O 8.Bb3 
d6 9.f3 Nd7 10.h4 Nb6 11.h5 Na5 12.Qe2 a6 13.hxg6 hxg6 14.g4 Nxb3 15.axb3 
f6 16.O-O-O Bd7 17.Rdg1 Kf7 18.f4 Qc7 19.f5 g5 20.Rh7 Rh8 21.Rgh1 Rag8 22.
Qh2 Kf8 23.Qh5 Rxh7 24.Qxh7 Rh8 25.Qxh8+ Bxh8 26.Rxh8+ Kg7 27.Rh1 Kg8 28.
Kd2 d5 29.exd5 Qd6 30.Ne4 Qe5 31.Kd3 Nxd5 32.Bd2 Nf4+ 33.Ke3 Kg7 34.Rf1 
Kg8 35.c4 Qc7 36.Bb4 Be8 37.Rd1 Ng2+ 0-1

[Event "Xtracon Chess Open 2018"]
[Site "Elsinore"]
[Date "2018.07.27"]
[Round "8"]
[White "Kopperberg, Steen"]
[Black "Moe, Mogens"]
[Result "0-1"]
[WhiteElo "1856"]
[BlackElo "2199"]
[EventDate "2018.07.21"]
[WhiteFideId "1433768"]
[BlackFideId "1400550"]

1.d4 Nf6 2.Nf3 g6 3.Bg5 Ne4 4.Bf4 d6 5.Nbd2 Nxd2 6.Qxd2 Bg7 7.Bh6 Bf6 8.e4
Nc6 9.c3 Bg4 10.Be2 Qd7 11.h3 Bxf3 12.Bxf3 e6 13.O-O O-O-O 14.a4 Rhg8 15.
Be3 Kb8 16.b4 Be7 17.a5 Rdf8 18.Rfc1 Nd8 19.Be2 f5 20.e5 g5 21.f4 g4 22.
hxg4 fxg4 23.b5 Bh4 24.b6 Bg3 25.bxc7+ Qxc7 26.c4 Qe7 27.a6 Qh4 28.Bxg4 
Rxg4 29.Kf1 Bxf4 30.Bxf4 Qh1+ 31.Ke2 Rxg2+ 32.Kd3 Rxd2+ 33.Bxd2 Qf3+ 34.
Be3 dxe5 35.dxe5 Rf7 0-1

[Event "Xtracon Chess Open 2018"]
[Site "Elsinore"]
[Date "2018.07.27"]
[Round "8"]
[White "Amin, Idris"]
[Black "Gottstein, Claudius-Thomas"]
[Result "0-1"]
[WhiteElo "1855"]
[BlackElo "2190"]
[EventDate "2018.07.21"]
[WhiteFideId "1746022"]
[BlackFideId "4653327"]

1.d4 d5 2.Bf4 Bf5 3.c3 e6 4.Nf3 Bd6 5.Bg3 Ne7 6.e3 O-O 7.Nh4 Nbc6 8.a4 a6 
9.b4 h6 10.Bd3 Bxd3 11.Qxd3 e5 12.dxe5 Nxe5 13.Qe2 Re8 14.Nd2 N5g6 15.Nb3 
Qd7 16.Nxg6 Nxg6 17.Bxd6 Qxd6 18.Rd1 Qc6 19.Qd2 d4 20.Qxd4 Qxg2 21.Qd5 Qh3
22.Qxb7 Rxe3+ 23.fxe3 Qxe3+ 24.Kf1 Qf4+ 25.Ke2 Re8+ 26.Kd3 Qf2 27.Nd2 Qf5+
28.Ne4 Nf4+ 29.Kc2 Rxe4 30.Kb3 Qe6+ 31.Ka3 Qc4 32.Qc8+ Kh7 33.Qf5+ g6 34.
Qc5 Qe6 35.Rd2 Rc4 36.Re1 Qxe1 37.Qxc4 Qxd2 38.Qxf7+ Kh8 39.Qf6+ Kg8 40.
Qe5 Qb2+ 41.Kxb2 Nd3+ 42.Kb3 Nxe5 43.c4 Kf7 44.a5 Nc6 45.Ka4 Ke6 46.b5 
axb5+ 47.Kxb5 Nxa5 48.Kxa5 g5 49.Kb4 Kd6 50.Kc3 c5 51.Kd3 Ke5 52.Ke3 h5 
53.Kd3 g4 54.Ke3 h4 55.Kd3 h3 56.Ke2 g3 0-1

[Event "Xtracon Chess Open 2018"]
[Site "Elsinore"]
[Date "2018.07.27"]
[Round "8"]
[White "Pallesen, Jacob"]
[Black "Ufnarovski, Victor"]
[Result "1-0"]
[WhiteElo "2058"]
[BlackElo "1854"]
[EventDate "2018.07.21"]
[WhiteFideId "1404881"]
[BlackFideId "1743856"]

1.e4 e6 2.Nf3 d5 3.e5 c5 4.b4 cxb4 5.a3 bxa3 6.Bxa3 Bxa3 7.Nxa3 Bd7 8.Nb5 
Bxb5 9.Bxb5+ Nc6 10.O-O Ne7 11.d4 Ng6 12.c3 O-O 13.Qd2 a6 14.Bd3 b5 15.Ng5
Nce7 16.f4 h6 17.Nf3 Qd7 18.h4 Rfc8 19.h5 Nf8 20.Nh4 Rc6 21.Bxb5 axb5 22.
Rxa8 Rc8 23.Rfa1 Qc6 24.Rxc8 Qxc8 25.Ra5 Qc4 26.Ra8 Nc6 27.Rc8 b4 28.cxb4 
Qxb4 29.Qxb4 Nxb4 30.f5 exf5 31.Nxf5 g6 32.hxg6 fxg6 33.e6 1-0

[Event "Xtracon Chess Open 2018"]
[Site "Elsinore"]
[Date "2018.07.27"]
[Round "8"]
[White "Nielsen, Jorgen Lovgren"]
[Black "Rasmussen, Morten"]
[Result "1/2-1/2"]
[WhiteElo "2051"]
[BlackElo "1837"]
[EventDate "2018.07.21"]
[WhiteFideId "1403850"]
[BlackFideId "1410865"]

1.e4 c5 2.Nf3 Nc6 3.d4 cxd4 4.Nxd4 e6 5.Nc3 Qc7 6.Be3 a6 7.Be2 Nf6 8.O-O 
Bb4 9.Na4 Be7 10.f3 b5 11.Nc3 Bc5 12.Qd2 O-O 13.Nb3 Bxe3+ 14.Qxe3 e5 15.
Rfd1 d6 16.Rd2 Be6 17.Rad1 Rfd8 18.g3 Ne7 19.f4 d5 20.exd5 exf4 21.Qxf4 
Qb6+ 22.Qf2 Qxf2+ 23.Kxf2 Ng4+ 24.Kf3 Bf5 25.h3 Ne5+ 26.Kf4 N5g6+ 27.Kf3 
Bxh3 28.d6 Nc6 29.g4 f5 30.Kg3 Bxg4 31.Bxg4 fxg4 32.Kxg4 Nge5+ 33.Kg3 Nc4 
34.Re2 Rxd6 35.Rxd6 Nxd6 36.Re6 Rd8 37.Nc5 Kf7 38.Kf4 Nd4 39.Re1 Nxc2 40.
Rc1 Nd4 41.Nxa6 Rc8 42.Ke5 N4f5 43.Rh1 Rc6 44.Nb4 Rc5+ 45.Ncd5 Rc4 46.Re1 
g6 47.b3 Rc8 48.Kf4 h5 49.Kg5 Re8 1/2-1/2

[Event "Xtracon Chess Open 2018"]
[Site "Elsinore"]
[Date "2018.07.27"]
[Round "8"]
[White "Dahl, Max"]
[Black "Koellner, Aaron Noah"]
[Result "1/2-1/2"]
[WhiteElo "1848"]
[BlackElo "1992"]
[EventDate "2018.07.21"]
[WhiteFideId "1526626"]
[BlackFideId "12993085"]

1.d4 Nf6 2.Nf3 d5 3.c4 e6 4.Bg5 Nbd7 5.e3 Be7 6.Nc3 h6 7.Bh4 Ne4 8.Bxe7 
Qxe7 9.cxd5 Nxc3 10.bxc3 exd5 11.Bd3 O-O 12.O-O c6 13.c4 Nf6 14.cxd5 Nxd5 
15.Re1 Bg4 16.h3 Nc3 17.Qd2 Bxf3 18.Qxc3 Qg5 19.Bf1 Be4 20.Kh2 Rac8 21.
Rac1 b6 22.Qa3 Rc7 23.Rc3 f5 24.g3 Rf6 25.f4 Qh5 26.Qb3+ Kh8 27.Qd1 Qe8 
28.Bd3 Bd5 29.Bc4 Bxc4 30.Rxc4 Re7 31.Qf3 g5 32.Rc3 gxf4 33.gxf4 Rg6 34.
Rg1 Rxg1 35.Kxg1 Qg8+ 36.Kh1 Qd5 37.Qxd5 cxd5 38.Kg2 Kg7 39.Kf3 Kf6 40.
Rc6+ Re6 41.Rc7 Re7 42.Rc6+ Re6 43.Rc7 Re7 44.Rc6+ 1/2-1/2

[Event "Xtracon Chess Open 2018"]
[Site "Elsinore"]
[Date "2018.07.27"]
[Round "8"]
[White "Quinn, David"]
[Black "Nesse, David"]
[Result "1/2-1/2"]
[WhiteElo "1987"]
[BlackElo "1825"]
[EventDate "2018.07.21"]
[WhiteFideId "2401452"]
[BlackFideId "1519875"]

1.d4 Nf6 2.c4 c5 3.d5 b5 4.Nd2 bxc4 5.e4 e6 6.Bxc4 exd5 7.exd5 d6 8.Ne2 
Be7 9.O-O O-O 10.b3 Nbd7 11.Nf3 Nb6 12.Bb2 Rb8 13.Bc3 Nxc4 14.bxc4 Ne4 15.
Rb1 Nxc3 16.Nxc3 Bf5 17.Rb3 a6 18.Re1 Re8 19.Ne4 Bg6 20.h4 Rxb3 21.axb3 
Bxh4 22.Nxd6 Rxe1+ 23.Qxe1 Be7 24.Nb7 Qc7 25.Na5 Bf8 26.Nc6 Qb7 27.Nfe5 
Qxb3 28.Nd7 Qb1 29.Qxb1 Bxb1 30.Na5 Bf5 31.Nb8 Bd6 32.Nbc6 Bd3 33.Nb7 Bf4 
34.d6 Bg5 35.d7 Kf8 36.f4 Bf6 37.d8=Q+ Bxd8 38.Ncxd8 Bxc4 39.Nxc5 Bd5 40.
Ndb7 Ke7 41.Na5 Kd6 42.Nxa6 f6 43.Kf2 Bxg2 44.Kxg2 1/2-1/2

[Event "Xtracon Chess Open 2018"]
[Site "Elsinore"]
[Date "2018.07.27"]
[Round "8"]
[White "Sjol, Henrik"]
[Black "Slettebo, Jan"]
[Result "1-0"]
[WhiteElo "1841"]
[BlackElo "1987"]
[EventDate "2018.07.21"]
[WhiteFideId "1505629"]
[BlackFideId "1704958"]

1.d4 d5 2.c4 c6 3.Nf3 Nf6 4.Nc3 dxc4 5.a4 Bf5 6.e3 e6 7.Bxc4 Bb4 8.O-O O-O
9.Qe2 Bg4 10.h3 Bh5 11.Rd1 Nbd7 12.e4 Qa5 13.Bd2 e5 14.d5 Rfe8 15.dxc6 
bxc6 16.Nb1 Rab8 17.Bxb4 Qxb4 18.g4 Bg6 19.g5 1-0

[Event "Xtracon Chess Open 2018"]
[Site "Elsinore"]
[Date "2018.07.27"]
[Round "8"]
[White "Bengtsson, Jessica"]
[Black "Hafstad, Leif"]
[Result "1/2-1/2"]
[WhiteElo "1985"]
[BlackElo "1817"]
[EventDate "2018.07.21"]
[WhiteFideId "1711083"]
[BlackFideId "438030"]

1.e4 e6 2.d4 d5 3.exd5 exd5 4.Nf3 Bd6 5.Bd3 Nf6 6.Qe2+ Qe7 7.Qxe7+ Bxe7 8.
Bf4 c6 9.O-O O-O 10.Re1 Re8 11.h3 Nbd7 12.Nc3 Nf8 13.Bh2 Ne6 14.Ne2 g6 15.
Nf4 Nxf4 16.Bxf4 Nh5 17.Bd6 Be6 18.Bxe7 Rxe7 19.Re3 Rae8 20.Rae1 Nf6 21.
Bf1 Kf8 22.Ng5 h6 23.Nxe6+ Rxe6 24.c3 Ke7 25.g3 Nh5 26.Rxe6+ fxe6 27.Kg2 
Kf6 28.Bd3 g5 29.Re5 Ng7 30.f4 gxf4 1/2-1/2

[Event "Xtracon Chess Open 2018"]
[Site "Elsinore"]
[Date "2018.07.27"]
[Round "8"]
[White "Koellner, Felicitas Ophelia"]
[Black "Preuss, Flemming"]
[Result "1-0"]
[WhiteElo "1815"]
[BlackElo "1971"]
[EventDate "2018.07.21"]
[WhiteFideId "16207521"]
[BlackFideId "1403338"]

1.d4 e5 2.dxe5 Nc6 3.Nf3 Nge7 4.b3 Ng6 5.Bb2 Bb4+ 6.Nbd2 Qe7 7.e3 Ncxe5 8.
Nxe5 Nxe5 9.Be2 O-O 10.O-O d5 11.Nf3 Bd6 12.Qxd5 c6 13.Qd2 Bf5 14.Nxe5 
Bxe5 15.Bxe5 Qxe5 16.Rfd1 Rae8 17.c4 Be4 18.Qd4 Qg5 19.Bf1 Re6 20.g3 c5 
21.Qd7 Bc6 22.Qd3 Rh6 23.Bg2 Qh5 24.h4 g5 25.Bxc6 bxc6 26.Qf5 gxh4 27.Qxh5
Rxh5 28.gxh4 Kh8 29.Kf1 Rxh4 30.Ke2 f5 31.Rh1 Re4 32.Rad1 Re7 33.Kf3 Rf6 
34.Rd8+ Kg7 35.Rg1+ Kf7 36.Rh1 h6 37.Rhd1 Kg7 38.R8d7 Rff7 39.Rxe7 Rxe7 
40.Kf4 Kf6 41.f3 a5 42.Rh1 Kg6 43.Rd1 Rf7 44.Rd8 h5 45.Rc8 h4 46.Rxc6+ Rf6
47.Rc8 Rf7 48.Rd8 Rh7 49.Rd1 Kf6 50.Rh1 Rh5 51.a3 Ke6 52.Rd1 Rh7 53.Rh1 h3
54.Kg3 Ke5 55.Rxh3 Rb7 56.Rh6 Rxb3 57.Rc6 Rxe3 58.Rxc5+ Kd4 59.Rxa5 Kxc4 
60.a4 Ra3 61.Rxf5 Kd4 62.Kg4 Ra1 63.a5 Rg1+ 64.Kh5 Ra1 65.Kg5 Ra2 66.Kf6 
Re2 67.Rb5 Kc4 68.Re5 Rf2 69.Re3 Ra2 70.Re5 Rf2 71.Rf5 Kd4 72.Ke6 Rh2 73.
Kd6 Rh6+ 74.Kc7 Rh7+ 75.Kb6 Rh6+ 76.Kb5 Rh1 77.a6 Rb1+ 78.Kc6 Rc1+ 79.Kb6 
Rb1+ 80.Rb5 Ra1 81.a7 Kc4 82.Ra5 Rxa5 83.Kxa5 1-0

[Event "Xtracon Chess Open 2018"]
[Site "Elsinore"]
[Date "2018.07.27"]
[Round "8"]
[White "Ramkilde, Mikael"]
[Black "Jorgensen, Alexander Torp"]
[Result "1/2-1/2"]
[WhiteElo "1971"]
[BlackElo "1803"]
[EventDate "2018.07.21"]
[WhiteFideId "1439391"]
[BlackFideId "1434187"]

1.e4 c6 2.d4 d5 3.Nc3 Nf6 4.e5 Nfd7 5.f4 e6 6.Nf3 c5 7.Be3 Nc6 8.Be2 Qb6 
9.O-O cxd4 10.Nxd4 Qxb2 11.Qd2 a6 12.a3 Qb6 13.Nxe6 d4 14.Nxd4 Nxd4 15.
Bxd4 Bc5 16.Rfd1 f6 17.Nd5 Bxd4+ 18.Qxd4 Qxd4+ 19.Rxd4 fxe5 20.fxe5 Rb8 
21.e6 Nf6 22.Nxf6+ gxf6 23.Bh5+ Ke7 24.Re1 b5 1/2-1/2

[Event "Xtracon Chess Open 2018"]
[Site "Elsinore"]
[Date "2018.07.27"]
[Round "8"]
[White "Nord, Alexander"]
[Black "Askerov, Imamali"]
[Result "0-1"]
[WhiteElo "1763"]
[BlackElo "1970"]
[EventDate "2018.07.21"]
[WhiteFideId "1738135"]
[BlackFideId "12974498"]

1.e4 c5 2.Nf3 e6 3.d4 cxd4 4.Nxd4 Nc6 5.Nxc6 bxc6 6.Bd3 Qc7 7.O-O Nf6 8.c4
Be7 9.Nc3 Bb7 10.f4 d6 11.Be3 e5 12.f5 h5 13.h3 Kf8 14.g4 hxg4 15.hxg4 Rh4
16.Be2 d5 17.Bf2 Rh3 18.Kg2 Rxc3 19.bxc3 Nxe4 20.Rh1 Bg5 21.Qb3 Kg8 22.
Rab1 Ba6 23.Be1 Rd8 24.Qc2 Bb7 25.Bd3 Nf6 26.Bh4 dxc4 27.Bxg5 cxd3 28.Qd1 
c5+ 29.Rxb7 Qxb7+ 30.Kg1 Qe4 31.Bxf6 gxf6 32.g5 Qe3+ 33.Kf1 Qf4+ 34.Kg1 
Qxg5+ 0-1

[Event "Xtracon Chess Open 2018"]
[Site "Elsinore"]
[Date "2018.07.27"]
[Round "8"]
[White "Ponomarev, Denis"]
[Black "Mehringer, Joerg"]
[Result "1-0"]
[WhiteElo "1797"]
[BlackElo "1933"]
[EventDate "2018.07.21"]
[WhiteFideId "44136650"]
[BlackFideId "12915351"]

1.e4 e5 2.Nf3 Nc6 3.Bb5 f5 4.Nc3 fxe4 5.Nxe4 d5 6.Nxe5 dxe4 7.Nxc6 Qg5 8.
Qe2 Nf6 9.f4 Qxf4 10.d4 Qh4+ 11.g3 Qh3 12.Ne5+ c6 13.Bc4 Bd6 14.Bf7+ Kd8 
15.Bb3 Kc7 16.Be3 Be6 17.O-O-O Bxb3 18.axb3 a5 19.Nf7 Rhe8 20.Nxd6 Kxd6 
21.Rhf1 Qe6 22.d5 cxd5 23.Qb5 Ke7 24.Qxb7+ Qd7 25.Bc5+ Ke6 26.Qb6+ Kf7 27.
Bd4 Re6 28.Qc5 Rc6 29.Qa3 Kg8 30.Bxf6 gxf6 31.Qa4 Qe6 32.Qd4 Rd6 33.g4 Rb8
34.Qa7 Rbd8 35.Qxa5 e3 36.Rde1 Rc8 37.Kb1 Ra6 38.Qb4 e2 39.Rg1 Rca8 40.c3 
Rb6 41.Qd4 Rxb3 42.g5 f5 43.g6 hxg6 44.Rxe2 Qf7 45.h4 Ra6 46.h5 Rbb6 47.
Qh4 d4 48.Qd8+ 1-0

[Event "Xtracon Chess Open 2018"]
[Site "Elsinore"]
[Date "2018.07.27"]
[Round "8"]
[White "Tolba, Henri"]
[Black "Jarlnaes, Erik"]
[Result "0-1"]
[WhiteElo "1751"]
[BlackElo "1930"]
[EventDate "2018.07.21"]
[WhiteFideId "1418246"]
[BlackFideId "1414623"]

1.d4 Nf6 2.c4 e6 3.Nc3 Bb4 4.Qc2 d5 5.e3 c5 6.Nf3 Nc6 7.a3 Bxc3+ 8.bxc3 
O-O 9.cxd5 exd5 10.dxc5 Qa5 11.Bd3 Bg4 12.Ng5 h6 13.h3 Bh5 14.Nh7 Nxh7 15.
Bxh7+ Kh8 16.Bd3 Rfe8 17.O-O Ne5 18.c4 dxc4 19.Bxc4 Qxc5 20.Bb3 Nf3+ 21.
Kh1 Qe5 22.gxf3 Bxf3+ 23.Kg1 Qg5+ 24.Kh2 Qg2# 0-1

[Event "Xtracon Chess Open 2018"]
[Site "Elsinore"]
[Date "2018.07.27"]
[Round "8"]
[White "Stage-Steffensen, Sander"]
[Black "Christensen, Benny"]
[Result "1-0"]
[WhiteElo "1928"]
[BlackElo "1754"]
[EventDate "2018.07.21"]
[WhiteFideId "1455796"]
[BlackFideId "1429949"]

1.e4 c5 2.Nf3 d6 3.d4 cxd4 4.Nxd4 Nf6 5.Nc3 a6 6.Bg5 e6 7.f4 Be7 8.Qf3 Qb6
9.Nb3 Nc6 10.O-O-O O-O 11.g4 Na5 12.Kb1 Nxb3 13.axb3 Qc6 14.Bd3 b5 15.Qh3 
e5 16.Nd5 Qb7 17.Qh4 Re8 18.Bxf6 gxf6 19.f5 a5 20.Rhg1 Kh8 21.Rg3 Rg8 22.
Nxf6 Bxf6 23.Qxf6+ Rg7 24.h4 Bd7 25.h5 h6 26.Qxh6+ 1-0

[Event "Xtracon Chess Open 2018"]
[Site "Elsinore"]
[Date "2018.07.27"]
[Round "8"]
[White "Hansen, Tommy"]
[Black "Green, Per"]
[Result "1/2-1/2"]
[WhiteElo "1732"]
[BlackElo "1927"]
[EventDate "2018.07.21"]
[WhiteFideId "1511009"]
[BlackFideId "1703811"]

1.e4 c5 2.c3 Nf6 3.e5 Nd5 4.d4 cxd4 5.Nf3 e6 6.cxd4 Be7 7.Bc4 Nb6 8.Bb3 
Nc6 9.O-O d5 10.exd6 Qxd6 11.Nc3 Na5 12.Ne4 Qd8 13.Bc2 Nc6 14.a3 h6 15.Qd3
Nd5 16.Re1 Bd7 17.Bd2 Rc8 18.b4 a6 19.Bb3 Kf8 20.Ne5 Nxe5 21.dxe5 Bc6 22.
Rad1 Qc7 23.f4 g6 24.Rc1 Qb8 25.Nc5 Bxc5+ 26.Rxc5 Rd8 27.Qc2 Kg7 28.Bxd5 
Rxd5 29.Be3 Rhd8 30.Rxd5 Rxd5 31.Bc5 Qd8 32.Bd6 Qh4 33.g3 Qd8 34.Rd1 Qb6+ 
35.Bc5 Qd8 36.Bd6 Qb6+ 37.Bc5 Qd8 1/2-1/2

[Event "Xtracon Chess Open 2018"]
[Site "Elsinore"]
[Date "2018.07.27"]
[Round "8"]
[White "Strachan, Christian C."]
[Black "Norevall, Ulf"]
[Result "1-0"]
[WhiteElo "1927"]
[BlackElo "1733"]
[EventDate "2018.07.21"]
[WhiteFideId "1417215"]
[BlackFideId "1705555"]

1.e4 c5 2.Nc3 Nc6 3.g3 g6 4.Bg2 Bg7 5.d3 e6 6.Be3 d6 7.Nge2 Nge7 8.O-O O-O
9.Qd2 a6 10.f4 e5 11.Nd1 Qc7 12.c3 Rb8 13.Rc1 Qa5 14.b3 Be6 15.Nf2 f5 16.
Rfd1 Rbd8 17.Qc2 Rd7 18.fxe5 dxe5 19.Bh3 Rd6 20.Rb1 Rc8 21.Qb2 Rcd8 22.a3 
Bf7 23.b4 cxb4 24.axb4 Qa2 25.Bc5 R6d7 26.Bb6 Rf8 27.Rd2 Qxb2 28.Rdxb2 Be6
29.Nc1 Nc8 30.Be3 Nd8 31.Nb3 f4 32.Bxe6+ Nxe6 33.Bc5 fxg3 34.hxg3 Rf3 35.
Kg2 Rdf7 36.Re2 Bh6 37.Ng4 Bg7 38.Be3 h5 39.Nh2 R3f6 40.Rf2 Rd7 41.Rd1 Ne7
42.Rxf6 Bxf6 43.Nf3 Nc6 44.Kf2 g5 45.Ke2 g4 46.Nfd2 Bg5 47.Rf1 Rf7 48.Rxf7
Kxf7 49.Bxg5 Nxg5 50.Nc5 Nd8 51.Nc4 Nf3 52.Nd6+ Ke7 53.Ndxb7 Nc6 54.Nxa6 
Kd7 55.Nbc5+ Kd6 56.b5 Ncd4+ 57.cxd4 Nxd4+ 58.Ke3 Nxb5 59.Nb3 Ke7 60.Nb4 
Kf7 61.Nc6 Kf6 62.Nc5 Kg5 63.Nxe5 h4 64.gxh4+ Kxh4 65.Nxg4 Kxg4 66.d4 Kg5 
67.d5 Kf6 68.Kf4 Ke7 69.e5 Nd4 70.d6+ Kd8 71.Ke4 Ne2 72.e6 Nc3+ 73.Ke5 Nb5
74.Nb7+ 1-0

[Event "Xtracon Chess Open 2018"]
[Site "Elsinore"]
[Date "2018.07.27"]
[Round "8"]
[White "Andersen, Daniel"]
[Black "Manz, Andreas"]
[Result "1/2-1/2"]
[WhiteElo "1917"]
[BlackElo "1791"]
[EventDate "2018.07.21"]
[WhiteFideId "1402714"]
[BlackFideId "24660108"]

1.d4 d5 2.c4 e6 3.Nc3 Nf6 4.cxd5 exd5 5.Bg5 c6 6.e3 Be7 7.Bd3 Nbd7 8.Nge2 
O-O 9.Qc2 h6 10.Bh4 Re8 11.O-O-O Ne4 12.Bxe7 Qxe7 13.Rhf1 Ndf6 14.Ng3 Bd7 
15.Rfe1 Nxc3 16.Qxc3 c5 17.Nf5 Bxf5 18.Bxf5 g6 19.Bc2 Ne4 20.Bxe4 dxe4 21.
d5 b6 22.f3 Rad8 23.Qc4 Qe5 24.f4 Qe7 25.g4 Qh4 26.Qe2 Rd6 27.Rd2 Qd8 28.
Red1 Qd7 29.Qg2 Qa4 30.Kb1 Red8 31.Qe2 Qd7 32.Qc4 Re8 33.h3 Qb7 34.h4 Qe7 
35.g5 h5 36.f5 Rf8 37.Rf2 Kh7 38.fxg6+ fxg6 39.Rxf8 Qxf8 40.Qxe4 Qf7 41.
Qd3 Qf2 42.e4 b5 43.e5 c4 44.Qd4 Qf5+ 45.Ka1 Ra6 46.d6 Qc2 47.d7 Qb3 48.a3
c3 49.Rd2 cxd2 50.Qxd2 Rxa3+ 51.bxa3 Qxa3+ 52.Kb1 Qb3+ 53.Kc1 Qa3+ 54.Kd1 
Qf3+ 55.Ke1 Qg3+ 56.Qf2 Qc3+ 57.Qd2 Qg3+ 58.Kf1 Qf3+ 59.Ke1 Qg3+ 60.Qf2 
1/2-1/2